Fluid mechanics
The second edition of this textbook sees additions and deletions but no philosophical change. The basic outline of elevent chapters and five appendixes remains the same. The triad of differential, integral, and experimental approaches,...
Na minha lista:
| Autor principal: | |
|---|---|
| Formato: | Livro |
| Idioma: | Undetermined |
| Publicado em: |
New York
McGraw-Hill
1986
|
| Assuntos: | |
| Tags: |
Adicionar Tag
Sem tags, seja o primeiro a adicionar uma tag!
|
| Thư viện lưu trữ: | Trung tâm Học liệu Trường Đại học Cần Thơ |
|---|
| LEADER | 00760nam a2200217Ia 4500 | ||
|---|---|---|---|
| 001 | CTU_28524 | ||
| 008 | 210402s9999 xx 000 0 und d | ||
| 020 | |b 449.000đ | ||
| 020 | |c 449000 | ||
| 082 | |a 620.106 | ||
| 082 | |b W584 | ||
| 100 | |a White, Frank M | ||
| 245 | 0 | |a Fluid mechanics | |
| 245 | 0 | |c Frank M White | |
| 260 | |a New York | ||
| 260 | |b McGraw-Hill | ||
| 260 | |c 1986 | ||
| 520 | |a The second edition of this textbook sees additions and deletions but no philosophical change. The basic outline of elevent chapters and five appendixes remains the same. The triad of differential, integral, and experimental approaches,... | ||
| 650 | |a Fluid mechanics | ||
| 904 | |i Minh, Năm | ||
| 980 | |a Trung tâm Học liệu Trường Đại học Cần Thơ | ||